| 000 | 01565nam0a2200337 4500 | ||
|---|---|---|---|
| 001 | RU\NLR\BIBL_A\012661869 | ||
| 005 | 20220217164405.0 | ||
| 010 |
_a978-5-4420-0873-9 _9500 |
||
| 021 |
_aRU _bКН-П-21-054812 _9КН-П-21-4292 |
||
| 035 | _a(NLR Aleph) 012661869 | ||
| 090 |
_a12758217 _c12758217 |
||
| 100 | _a20211209d2021 u y0rusy50 ca | ||
| 101 | 0 | _arus | |
| 102 | _aRU | ||
| 105 | _aac z 000gy | ||
| 181 | 0 |
_ai _baxxe |
|
| 182 | 0 | _an | |
| 200 | 1 |
_aОт истока к устью _eстихотворения разных лет _fВасилий Киляков |
|
| 203 |
_aТекст _bвизуальный _cнепосредственный |
||
| 210 |
_aВоронеж _cВоронежская областная типография _d2021 |
||
| 215 |
_a166, [1] с. _cил., портр. _d21 |
||
| 300 | _aВ конце кн. авт.: В.В. Киляков, лауреат Всерос. лит. премий им. Б. Полевого (1996), "Традиция" (1996), "Умное сердце" им. А Платонова [и др.] | ||
| 320 | _aДр. произведения авт. в конце кн. | ||
| 327 | 1 | _aСодерж. циклы: По дороге неторной, ковыльной; Неповторимое; Дар и вечность | |
| 686 | 2 | _aШ6(2=Р)8-5 | |
| 700 | 1 |
_aКиляков _bВ.В. _f1960- _gВасилий Васильевич |
|
| 942 | _cBOOK | ||
| 980 | _aNB | ||